000 01110nam a2200457Ia 4500
001 154749
003 249082
005 20240715175203.0
008 170208n ||||||||| 000 0 spa d
041 _aspa
082 _a937
100 _aMaquiavelo, Nicolás
_94005
245 0 _aDiscursos sobre la primera década de Tito Livio
250 _aTercera reimpresión de la primera edición
534 _tTítulo original : Discorsi sopra la prima deca di Tito Livio.
562 _e1
650 _aCIENCIAS POLÍTICAS--OBRAS ANTERIORES A 1800
_9176480
650 _aROMA--HISTORIOGRAFÍA
_9192621
650 _aTITO LIVIO, 59 A. DE J. C.-17
_9192622
942 _cBKM
999 _c154749
_d154749
526 _a
526 _a17598
526 _a102617
526 _a102618
526 _a15794
526 _a102619
526 _a1703
526 _a102620
526 _a10406
526 _a105630
526 _a1698
526 _a116204
526 _a51868
526 _a4969
526 _a19790
526 _a104436
526 _a5144
526 _a1697
526 _a3899
526 _a9683